Catalog

Record Details

Catalog Search



Sociální služby na podporu pracovního uplatnění pro lidi s duševním onemocněním : bakalářská práce Cover Image Book Book

Sociální služby na podporu pracovního uplatnění pro lidi s duševním onemocněním : bakalářská práce Jana Petáková ; Vedoucí práce: Marie Vorlová

Record details

  • Physical Description: 72 s. příl.

Content descriptions

Bibliography, etc. Note:
bibliogr. s. 50

Available copies

  • 1 of 1 copy available at Common Catalog SPOK.

Holds

  • 0 current holds with 1 total copy.
Show Only Available Copies
Location Call Number / Copy Notes Barcode Shelving Location Status Due Date
Jabok Library ABP-1610 424480024081 Absolventské práce Reference -

Electronic resources

Version of Resource: Plný text


LDR 00792ntm a22 a 4500
00111971
003CZ-PrJAB
00520210309075020.0
008100805s2010 xr e |||| |cze
009cz
035 . ‡a(CONS)11971
035 . ‡aKPS0019811
0410 . ‡acze
10011. ‡715042 ‡aPetáková, Jana
110 2. ‡aEvangelická teologická fakulta Univerzity Karlovy
2451 . ‡aSociální služby na podporu pracovního uplatnění pro lidi s duševním onemocněním : ‡bbakalářská práce ‡cJana Petáková ; Vedoucí práce: Marie Vorlová
260 . ‡aPraha ‡c2010
300 . ‡a72 s. ‡bpříl.
504 . ‡abibliogr. s. 50
653 . ‡asociální služby ‡apracovní uplatnění ‡aduševně nemocní ‡aduševní onemocnění ‡aschizofrenie ‡azaměstnání ‡atrh práce
70011. ‡74797 ‡aVorlová, Marie
999 . ‡a1610- ‡c1610- ‡i424480024081 ‡tP
999 . ‡a1611- ‡c1611- ‡i424480024080 ‡tP
910 . ‡aABG312
85641. ‡uhttps://dspace.cuni.cz/handle/20.500.11956/27632 ‡yPlný text
901 . ‡a11971 ‡bCZ-PrJAB ‡c11971 ‡tbiblio

Additional Resources